000 02019nab a2200277 a 4500
005 20230220124859.0
008 991125c2019 mx fr p o 000 0 spa d
035 _aUPN01000230229
040 _aMX-MxUPN
_bspa
_cMX-MxUPN
_eaacr2
049 _aART-E
100 1 _aGalán Jiménez, Jaime Sebastián F.
_6- psic.sebastiangalan@gmailcom
100 1 _aVillalobos Mesa, Daniel Armando
245 1 0 _aEn búsqueda de un tratamiento para la dependencia emocional en la pareja
_h[recurso electrónico en línea]
506 0 _aAcceso abierto
520 3 _aLa dependencia emocional es una necesidad afectiva extrema hacia la pareja, con manifestaciones de devaluación, control y temor a la pérdida; se resalta en ella el deseo de protección y cuidado, incapacidad para terminar la relación, aislamiento en las relaciones sociales, culpa, sacrifcio y renuncia a las propias necesidades. Se realizó una revisión sistemática con la base del CONRICyT, en inglés y en español, con las palabras “dependencia emocional” y “tratamiento” entre 2013 y 2017. Se encontraron 27 y 143 resultados respectivamente, con un total de 170 artículos que mencionaban el término. La fnalidad era la investigación de modelos de tratamiento para la dependencia emocional y, de ser posible, la generación de un meta análisis. Posteriormente, se realizó una búsqueda intencional desde google. Ningún documento revisado mencionó algún tratamiento específco o con base científca para la dependencia emocional.
650 7 _945619
_aPsicopatología
653 0 _aDependencia emocional
653 0 _aTratamiento
653 0 _aRevisión sistémica
653 0 _aViolencia de pareja
773 _gNo. 41 (2019), p. 74-85
_tAlternativas en psicología
_x2007-5251
856 4 0 _uhttp://www.alternativas.me/attachments/article/194/6.%20En%20b%C3%BAsqueda%20de%20un%20tratamiento%20para%20la%20dependencia%20emocional%20en%20la%20pareja.pdf
902 _aRGJD/200223
_bRGJD/200223
905 _aArticulo
942 _cART-E
999 _c202324
_d202324